LEADER 02777nas 2200877-a 450 001 996214863903316 005 20230803213019.0 011 $a2327-641X 035 $a(DE-599)ZDB2394654-4 035 $a(OCoLC)675860698 035 $a(CKB)110978977566859 035 $a(CONSER)--2011234598 035 $a(EXLCZ)99110978977566859 100 $a20101030a19889999 --- a 101 0 $aeng 135 $aurbn||||||abp 135 $aurbn||||||ada 181 $ctxt$2rdacontent 182 $cc$2rdamedia 183 $acr$2rdacarrier 200 10$aSocial justice $ea journal of crime, conflict & world order 210 $aSan Francisco, Calif. $cSocial Justice$d©1988- 215 $a1 online resource (volumes) 300 $aRefereed/Peer-reviewed 300 $aEach issue has also a distinctive title. 311 $a1043-1578 531 $aSOCIAL JUSTICE A JOURNAL OF CRIME CONFLICT AND WORLD ORDER 531 $aSOC JUSTICE 606 $aCriminology$vPeriodicals 606 $aCriminal justice, Administration of$vPeriodicals 606 $aSocial justice$vPeriodicals 606 $aSocialism$vPeriodicals 606 $aCommunism$vPeriodicals 606 $aCrime$vPeriodicals 606 $aCriminalité$vPériodiques 606 $aJustice sociale$vPériodiques 606 $aCriminologie$xÉtude et enseignement$vPériodiques 606 $aCriminologie$vPériodiques 606 $aCrime$2fast$3(OCoLC)fst00882984 606 $aCommunism$2fast$3(OCoLC)fst00870421 606 $aCriminal justice, Administration of$2fast$3(OCoLC)fst00883246 606 $aCriminology$2fast$3(OCoLC)fst00883566 606 $aSocial justice$2fast$3(OCoLC)fst01122603 606 $aSocialism$2fast$3(OCoLC)fst01123637 606 $aSociale conflicten$2gtt 606 $aCriminologie$2gtt 606 $aInternationale orde$2gtt 608 $aPeriodical 608 $aperiodicals.$2aat 608 $aPeriodicals.$2fast 608 $aPeriodicals.$2lcgft 608 $aPériodiques.$2rvmgf 615 0$aCriminology 615 0$aCriminal justice, Administration of 615 0$aSocial justice 615 0$aSocialism 615 0$aCommunism 615 0$aCrime 615 6$aCriminalité 615 6$aJustice sociale 615 6$aCriminologie$xÉtude et enseignement 615 6$aCriminologie 615 7$aCrime. 615 7$aCommunism. 615 7$aCriminal justice, Administration of. 615 7$aCriminology. 615 7$aSocial justice. 615 7$aSocialism. 615 17$aSociale conflicten. 615 17$aCriminologie. 615 17$aInternationale orde. 676 $a364/.05 906 $aJOURNAL 912 $a996214863903316 996 $aSocial Justice$9503219 997 $aUNISA LEADER 03587nam 2200637 450 001 9910826903503321 005 20230912161709.0 010 $a1-118-95695-8 010 $a1-322-39381-8 035 $a(CKB)3710000000372776 035 $a(SSID)ssj0001381278 035 $a(PQKBManifestationID)11888735 035 $a(PQKBTitleCode)TC0001381278 035 $a(PQKBWorkID)11391632 035 $a(PQKB)10829446 035 $a(DLC) 2014046951 035 $a(Au-PeEL)EBL1873193 035 $a(CaPaEBR)ebr10991566 035 $a(CaONFJC)MIL670663 035 $a(OCoLC)897468398 035 $a(Au-PeEL)EBL4040159 035 $a(CaPaEBR)ebr11113456 035 $a(OCoLC)927509236 035 $a(CaSebORM)9781118956960 035 $a(MiAaPQ)EBC1873193 035 $a(MiAaPQ)EBC4040159 035 $a(EXLCZ)993710000000372776 100 $a20141201d2015 uy| 0 101 0 $aeng 135 $aurcnu|||||||| 181 $ctxt 182 $cc 183 $acr 200 10$aGamechangers $eare you ready to change the world? Creating innovative strategies for business and brands /$fPeter Fisk 205 $a1st edition 210 1$aChichester, West Sussex ;$aNew York, New York :$cWiley,$d2015. 215 $a1 online resource (317 pages) $cillustrations 300 $aIncludes index. 311 $a1-118-95697-4 311 $a1-118-95696-6 327 $aMachine generated contents note: INTRODUCTION Are you ready to change the world? 1 PART 1 Are You Ready? 8 1. Play 11 2. Change 21 3. Win 29 PART 2 Change the Game 36 4. Think 39 5. Explore 53 6. Disrupt 67 7. Inspire 81 8. Design 97 9. Resonate 111 10. Enable 121 11. Mobilize 129 12. Impact 139 13. Amplify 151 PART 3 The Gamechangers 166 14. Futurestore 173 15. Futurebank 185 16. Futurehealth 197 17. Futuregadget 209 18. Futuremedia 219 19. Futurefashion 229 20. Futuretravel 239 21. Futurefood 249 22. Futuretech 259 23. Futuremakers 271 PART 4 Gamechanger Labs 280 Future Lab 282 Creative Lab 286 Brand Lab 290 Performance Lab 294 APPENDIX Doing More 298 The Author 299 The Book 300 What's New? 300 What's More? 300 What's Next? 301. 330 $aShake up and redefine the market by changing your game! Gamechangers are brands that have turned the world of business upside down. They win through ambition and innovation rather than legacy and scale, out-thinking the competition, focusing on the growth markets, and embracing technology in more human ways. Gamechangers provides you with the tools to help you generate innovative ideas that will set you apart as a gamechanger. Its detailed case studies will inspire you by exploring extraordinary next generation brands who are changing the game. . . and winning. Gamechangers is a highly practical book packed with smart "tools" and accompanied by a digital platform, the Gamechanger Studio, to help you apply and implement the best game-changing ideas from around the world into your own business. Gamechangers offers guidance on: Thinking smarter and acting faster Embracing the new tricks of business Understanding how gamechangers dream and disrupt Delivering practical results and winning 606 $aStrategic planning 606 $aCompetition 615 0$aStrategic planning. 615 0$aCompetition. 676 $a658.4/012 686 $aBUS043000$aBUS063000$aBUS043000$2bisacsh 700 $aFisk$b Peter$g(Peter Robert),$0862261 801 0$bMiAaPQ 801 1$bMiAaPQ 801 2$bMiAaPQ 906 $aBOOK 912 $a9910826903503321 996 $aGamechangers$94045392 997 $aUNINA